A comprehensive introduction to membrane biochemistry

Guardat en:
Dades bibliogràfiques
Autor principal: Datta, Dipak B (Autor)
Format: Llibre
Idioma:anglès
Publicat: Madison Floral 1987
Matèries:
Etiquetes: Afegir etiqueta
Sense etiquetes, Sigues el primer a etiquetar aquest registre!

MARC

LEADER 00000nam a2200000 a 4500
001 UCY5335
003 CL-VaPUC
008 950428e19870000US |||||||||||||||||eng|d
082 0 4 |a 571.64  |b DAT  |2 21 
100 0 |a Datta, Dipak B  |e author  |9 334030 
245 1 2 |a A comprehensive introduction to membrane biochemistry 
300 |a 635 p 
942 |c BK 
945 |d 19950428 00:00:00  |a mfernand 
260 |a Madison  |b Floral  |c 1987 
650 0 |a Membranas  |9 334031 
650 0 |a Biología  |9 262022 
650 0 |a Bioquímica   |9 259492 
583 |a last modification  |c 19950428 00:00:00  |k Rodrigo Vera 
999 |c 233015  |d 233013 
952 |0 0  |1 0  |4 0  |6 571_640000000000000_DAT_1987  |7 0  |8 A  |9 238061  |a BIBCUR  |b BIBCUR  |d 2019-11-18  |i 3080595  |o 571.64 DAT 1987  |p 3080595  |r 2025-04-22  |w 2019-11-18  |y BK  |k CBQ